000 00434nam a2200145Ia 4500
008 231129s1993||||xx |||||||||||||| ||spa||
020 _a958-612-157-7
040 _bspa
082 _aCo864 A478u
100 _aAlzate Cuervo Gastón Adolfo
245 0 _aUn aspecto desesperanzado de la literatura : Sófocles Hí¶lderlin Mutis
260 _c1993
264 _aColcultura
942 _2ddc
_cBKS
999 _c25789
_d25789